| 000 | 01158cam a22002174a 4500 | ||
|---|---|---|---|
| 005 | 20250605164104.0 | ||
| 008 | 250528s ||||||||||||||||||||||||d | ||
| 035 | _a17690 | ||
| 020 | _a9781587058257 | ||
| 040 |
_aGR-AtMCL _bgre _dGR-AtMCL _eAACR2 |
||
| 245 | 1 | _aController-Based Wireless LAN Fundamentals / An end-to-end reference guide to design, deploy, manage, and secure 802.11 wireless networks | |
| 260 |
_bCisco Press, _c2011 |
||
| 300 | _a304 | ||
| 520 | _aThis book brings together all the practical and conceptual knowledge professional need to confidently design, configure, deploy, manage, and troubleshoot 802.11n networks with CISCO Unified Wireless Network (CUWN) technologies. Introduction, The Need for Controller-based Wireless Networks, Wireless LAN Protocols, 802.1 1n, Cisco Unified Wireless LAN Security Fundamentals, Design Considerations, Cisco Unified Wireless LAN Architectures, Troubleshooting, Introduction to WCS, Next-Generation Advanced Topics: Multicast, Index. | ||
| 700 | 1 |
_aMarg Robert _93868 |
|
| 700 | 1 |
_aSmith Jeff _93864 |
|
| 700 | 1 |
_aWoodhams Jake _93866 |
|
| 942 | _cBK | ||
| 999 |
_c3092 _d3092 |
||